プロ野球スピリッツA【プロスピA】 弾道パワーヒッターの選手名 - Statistics

General Stats
  • This quiz has been taken 214 times
    29 since last reset
  • The average score is 49 of 192
Answer Stats
球団名 選手名 % Correct
阪神 佐藤輝明
81%
巨人(高弾道→パワヒ) 坂本勇人
76%
巨人(高弾道→パワヒ) | 広島(高弾道→パワヒ) 丸佳浩
71%
オリックス | 西武 森友哉
71%
中日 | 巨人 | 日本ハム 中田翔
62%
巨人 岡本和真
62%
阪神 大山悠輔
62%
DeNA 牧秀悟
62%
広島 鈴木誠也
57%
ヤクルト 山田哲人
57%
ヤクルト 村上宗隆
57%
DeNA T.オースティン
57%
巨人 長嶋茂雄
52%
DeNA 筒香嘉智
52%
日本ハム 万波中正
52%
広島 山本浩二
48%
楽天 | 西武(高弾道→パワヒ) 浅村栄斗
48%
ロッテ(高弾道→パワヒ) G.ポランコ
48%
巨人 松井秀喜
43%
DeNA | 巨人(高弾道→パワヒ) 村田修一
43%
阪神 岡田彰布
43%
広島(ライドラ→パワヒ) 新井貴浩
43%
オリックス 杉本裕太郎
43%
西武 中村剛也
43%
西武(高弾道→パワヒ) 松井稼頭央
43%
広島 B.エルドレッド
43%
オリックス T-岡田
43%
巨人 阿部慎之助
38%
DeNA | 日本ハム 大田泰示
38%
ロッテ 山口航輝
38%
西武 山川穂高
38%
中日 | 巨人 A.ゲレーロ
38%
西武 A.カブレラ
38%
中日(高弾道→パワヒ) D.ビシエド
38%
広島 E.モンテロ
38%
日本ハム F.レイエス
38%
DeNA N.ソト
38%
オリックス T.ローズ
38%
ソフトバンク | ヤクルト W.バレンティン
38%
ソフトバンク | 阪神 城島健司
33%
中日(高弾道→パワヒ) 細川成也
33%
ソフトバンク(高弾道→パワヒ) 多村仁志
33%
日本ハム 大谷翔平
33%
DeNA | ヤクルト | 巨人 A.ラミレス
33%
ロッテ | 日本ハム B.レアード
33%
DeNA J.ロペス
33%
広島(高弾道→パワヒ) L.ロペス
33%
オリックス | 楽天 S.ロメロ
33%
巨人 青田昇
29%
巨人 | 日本ハム 小笠原道大
29%
広島 栗原健太
29%
広島 衣笠祥雄
29%
中日 | 西武 和田一浩
29%
ソフトバンク 松中信彦
29%
ソフトバンク 松田宣浩
29%
日本ハム(高弾道→パワヒ) 高橋信二
29%
オリックス 高橋智
29%
オリックス 吉田正尚
29%
ソフトバンク | ロッテ A.デスパイネ
29%
オリックス | 楽天 A.ジョーンズ
29%
楽天 C.マギー
29%
日本ハム | 楽天 F.セギノール
29%
楽天 L.ボイト
29%
DeNA | 中日 T.ウッズ
29%
日本ハム T.ブリューワ
29%
巨人 W.クロマティ
29%
ソフトバンク(高弾道→パワヒ) | 巨人 リチャード
24%
巨人(高弾道→パワヒ) 吉村禎章
24%
巨人(高弾道→パワヒ) ギャレット
24%
DeNA 吉村裕基
24%
ソフトバンク(高弾道→パワヒ) | 西武 秋山幸二
24%
ロッテ ベニー
24%
ロッテ(高弾道→パワヒ) 別当薫
24%
ロッテ(高弾道→パワヒ) 安田尚憲
24%
ソフトバンク(高弾道→パワヒ) | 巨人(高弾道→パワヒ) A.ウォーカー
24%
広島 A.ギャレット
24%
広島(高弾道→パワヒ) G.ラロッカ
24%
楽天(高弾道→パワヒ) M.フランコ
24%
日本ハム S.オバンドー
24%
DeNA | オリックス(Aランク) T.ブランコ
24%
中日 木俣達彦
19%
中日(高弾道→パワヒ) 福田永将
19%
ロッテ 初芝清
19%
ロッテ 井上晴哉
19%
オリックス(高弾道→パワヒ) 加藤英司
19%
西武 渡部健人
19%
阪神 C.ブラゼル
19%
DeNA C.ポンセ
19%
楽天 C.ペゲーロ
19%
ヤクルト D.ホージー
19%
阪神(高弾道→パワヒ) J.サンズ
19%
楽天 J.ブラッシュ
19%
楽天 J.フェルナンデス
19%
阪神(高弾道→パワヒ) M.ロハス・ジュニア
19%
西武 O.デストラーデ
19%
広島(高弾道→パワヒ) R.マクブルーム
19%
ソフトバンク T.バティスタ
19%
日本ハム T.ソレイタ
19%
広島 X.バティスタ
19%
ソフトバンク Y.グラシアル
19%
巨人 李承燁
14%
阪神 原口文仁
14%
DeNA 田代富雄
14%
DeNA(高弾道→パワヒ) 松原誠
14%
広島(高弾道→パワヒ) 緒方孝市
14%
ソフトバンク 李大浩
14%
ロッテ(高弾道→パワヒ) レオン
14%
西武 E.メヒア
14%
ロッテ F.ボーリック
14%
阪神 G.アリアス
14%
DeNA G.ブラッグス
14%
広島(高弾道→パワヒ) J.シャイナー
14%
中日 L.ゴメス
14%
ロッテ(高弾道→パワヒ) L.リー
14%
西武(高弾道→パワヒ) L.セデーニョ
14%
阪神(高弾道→パワヒ) M.ゴメス
14%
DeNA | 日本ハム T.スレッジ
14%
オリックス T.ニール
14%
ロッテ(ライドラ→パワヒ) W.ペーニャ
14%
巨人 | 楽天 Z.ウィーラー
14%
ヤクルト(高弾道→パワヒ) 岩村明憲
10%
ロッテ(高弾道→パワヒ) 大松尚逸
10%
オリックス 長池徳二
10%
オリックス(高弾道→パワヒ) 吉岡雄二
10%
オリックス(高弾道→パワヒ) 栗橋茂
10%
西武 中西太
10%
オリックス A.ロドリゲス
10%
ヤクルト B.ホーナー
10%
オリックス D.スペンサー
10%
阪神 J.ボーア
10%
広島(高弾道→パワヒ) J.ライトル
10%
ソフトバンク J.ズレータ
10%
楽天 J.アマダー
10%
ロッテ L.マーティン
10%
日本ハム M.アブレイユ
10%
ヤクルト R.ペタジーニ
10%
阪神(高弾道→パワヒ) 八木裕
5%
阪神(高弾道→パワヒ) 陽川尚将
5%
ソフトバンク(高弾道→パワヒ) 吉永幸一郎
5%
日本ハム 大杉勝男
5%
日本ハム(高弾道→パワヒ) 古屋英夫
5%
日本ハム(高弾道→パワヒ) 柏原純一
5%
楽天(高弾道→パワヒ) 内田靖人
5%
西武 垣内哲也
5%
西武(Bランク) 坂田遼
5%
巨人 | 日本ハム C.ビヤヌエバ
5%
オリックス C.マレーロ
5%
広島(高弾道→パワヒ) E.ディアス
5%
オリックス F.カラバイヨ
5%
西武(中弾道→パワヒ) F.コルデロ
5%
ヤクルト J.ハウエル
5%
西武(高弾道→パワヒ) J.アギラー
5%
広島 K.クロン
5%
ロッテ K.バルガス
5%
広島 M.デビッドソン
5%
日本ハム M.ウインタース
5%
ロッテ M.ディアズ
5%
日本ハム R.ヌニエス
5%
西武 S.マクレーン
5%
ヤクルト 杉浦享
0%
日本ハム(高弾道→パワヒ) | 楽天(高弾道→パワヒ) 横尾俊建
0%
西武 バークレオ
0%
DeNA J.ロマック
0%
ロッテ Y.ナバーロ
0%
No matching quizzes found
Score Distribution
Percent of People with Each Score
Percentile by Number Answered
Your Score History
You have not taken this quiz since the last reset